000 00577nam a2200205Ia 4500
003 OSt
005 20241008153727.0
008 210210b1918 xxu||||| |||| 00| 0 eng d
040 _aAL
_c
041 _aeng
082 _a858/8
100 _aKAMALA BAYI
_915537
_dಕಮಲಾಬಾಯಿ
245 _aAbalaschcharitra ratnamale
_bಅಬಲಾ ಸಚ್ಚರಿತ್ರ ರತ್ನಮಾಲೆ
260 _aBengaLUru
_b-
_c1918
650 _aratnamAle
_915538
650 _aAbalAschcharitra
_915539
690 _aBiography
_915540
906 _a020552
942 _2ddc
_cBK
999 _c144702
_d144702